| 000 | 01754nam a2200373 c 4500 | ||
|---|---|---|---|
| 999 |
_c65049 _d65049 |
||
| 003 | BLK | ||
| 005 | 20210205132615.0 | ||
| 008 | 180408b bul|||||r ||||||| ||bul|| | ||
| 010 | _aKNG00069323000 | ||
| 020 | _a954-18-0412-8 | ||
| 040 | _aBLK | ||
| 041 |
_aRUS _cRUS _hBUL |
||
| 080 |
_aРуски език _b811.161.1 _x(075.3) _z811.161.1(075.3) |
||
| 100 | 1 |
_aИзворска, Лиляна Петрова _eпърви автор _9364245 |
|
| 139 |
_aИзворска, Лиляна Петрова и др. _bИ 38 |
||
| 245 | 1 | 0 |
_aДиалог с Россией _bУчебник для ХІ кл. : Третий год обучения - профилированная подготовка _cЛиляна Петрова Изворска; съавт. Галина Георгиева Лилова; съавт. Елена Владимировна Димитрова. |
| 257 | _aBGR | ||
| 260 |
_bБулвест 2000 _c2005 _fСофия : Вулкан _aСофия |
||
| 300 |
_a143 с. _bс ил. _c28 см |
||
| 380 | _a80 | ||
| 500 | _aСъдържа и Русско-болгарский словарь. | ||
| 650 | 4 |
_aРуски език - учебници за средни училища _9245720 |
|
| 653 | _aруски език | ||
| 653 | _aучебници за средни училища | ||
| 653 | _aХІ кл. | ||
| 653 | _aпрофилирана подготовка | ||
| 700 | 1 |
_aЛилова, Галина Георгиева _eсъавт. _9364694 |
|
| 700 | 1 |
_aДимитрова, Елена Владимировна _eсъавт. _9292285 |
|
| 852 | _aЦб ІІ 14089 | ||
| 856 | 4 | _qpdf | |
| 856 | 4 | _qpdf | |
| 942 |
_cKNG _n0 _01 _s1 |
||
| 944 |
_aCR _c10.11.2006 _lф / _kВиолета_Тройчева |
||
| 944 |
_aED _c04.02.2014 _lф / |
||
| 999 | _d65049 | ||